| 000 | 01298nam a2200409 c 4500 | ||
|---|---|---|---|
| 999 |
_c50330 _d50330 |
||
| 001 | 50330 | ||
| 003 | ES-MaCES | ||
| 005 | 20180115103200.0 | ||
| 008 | 171212s2017 sp 000 | spa d | ||
| 017 |
_aCR 896-2017 _bDL |
||
| 020 | _a9788489287570 | ||
| 040 |
_aES-MaCES _bspa _cES-MaCES |
||
| 100 | 1 |
_aMartín Robles, Javier _938789 |
|
| 245 | 1 | 1 |
_aFuturizable _b: el libro sobre el futuro que debes leer si no quieres quedarte en el pasado _cJavier Martín Robles |
| 260 |
_aPuertollano _bEdiciones Puertollano _c[2017] |
||
| 300 |
_a467 p. _c24 cm |
||
| 541 | _cCompra | ||
| 650 | 4 |
_ainnovación _928230 |
|
| 650 | 4 |
_anuevas tecnologías _930788 |
|
| 650 | 4 |
_atecnología de la información _930104 |
|
| 650 | 4 |
_ainteligencia artificial _930166 |
|
| 650 | 4 |
_acambio tecnológico _928236 |
|
| 650 | 4 |
_aevaluación del impacto _930732 |
|
| 650 | 4 |
_aempresa _928178 |
|
| 650 | 4 |
_anegocios _928176 |
|
| 650 | 4 |
_acompetitividad _928270 |
|
| 650 | 4 |
_asociedad _927269 |
|
| 650 | 4 |
_acambio social _927286 |
|
| 650 | 4 |
_adesarrollo sostenible _930785 |
|
| 650 | 4 |
_afuturo del trabajo _930756 |
|
| 650 | 4 |
_afuturo _928901 |
|
| 650 | 4 |
_aEspaña _926964 |
|
| 650 | 4 |
_aestudio de casos _928846 |
|
| 653 | 1 | 0 | _aTransporte-Comunicaciones |
| 902 | _aLIB Libro | ||
| 942 |
_2CES _cBK _h5.2. |
||